Guidance and career counselling /
Պահպանված է:
| Հիմնական հեղինակ: | |
|---|---|
| Ձևաչափ: | Գիրք |
| Լեզու: | անգլերեն |
| Հրապարակվել է: |
New Delhi :
APH,
c2005.
|
| Խորագրեր: | |
| Ցուցիչներ: |
Չկան պիտակներ, Եղեք առաջինը, ով նշում է այս գրառումը!
|
MARC
| LEADER | 00000cam a22000002 4500 | ||
|---|---|---|---|
| 001 | 0000041085 | ||
| 003 | Daystar | ||
| 005 | 20190209020004.0 | ||
| 008 | 070703s xx 000 0 eng d | ||
| 020 | |a 8176489352 | ||
| 040 | |a Daystar |d EKioko | ||
| 050 | 0 | 0 | |a LB1731 |b .S56 |
| 100 | 1 | |a Singh, Y. Kumar. | |
| 245 | 1 | 0 | |a Guidance and career counselling / |c by. Yogesh, K. Singh. |
| 260 | |a New Delhi : |b APH, |c c2005. | ||
| 300 | |a v, 424 p. | ||
| 504 | |a Includes bibliographical references and index. | ||
| 650 | 0 | |a Career information. | |
| 650 | 0 | |a Educational counselling. | |
| 908 | |a 070703 | ||
| 942 | |c G |0 1 | ||
| 952 | |0 0 |1 0 |4 0 |6 LB_1731_000000000000000_S56 |7 0 |9 40903 |a DUA |b DUA |c GC |d 2017-09-28 |l 1 |o LB1731.S56 |p BK043027 |r 2019-05-18 00:00:00 |s 2019-02-08 |t c.1 |w 2017-09-28 |x 2007/67661 |y G | ||
| 952 | |0 0 |1 0 |4 0 |6 LB_1731_000000000000000_S56 |7 0 |9 40904 |a DUN |b DUN |c GC |d 2017-09-28 |l 0 |o LB1731.S56 |p BK043176 |r 2017-09-28 00:00:00 |t c.2 |w 2017-09-28 |x 2007/67662 |y G | ||
| 995 | |a Daystar | ||
| 999 | |c 26949 |d 26949 | ||